Возрождение жизни

গ্রন্থ-পঞ্জীর বিবরন
অন্যান্য লেখক: Туган-Барановский М. И. Михаил Иванович (редактор)
সংক্ষিপ্ত:Текст в русской дореформенной орфографии
ভাষা:রুশ
প্রকাশিত: Санкт-Петербург, Образование, 1914
মালা:Новые идеи в экономике Сб. 4
বিষয়গুলি:
বিন্যাস: গ্রন্থ
KOHA link:https://koha.lib.tpu.ru/cgi-bin/koha/opac-detail.pl?biblionumber=349693

MARC

LEADER 00000nam0a2200000 4500
001 349693
005 20231102010228.0
035 |a (RuTPU)RU\TPU\retro\2457 
090 |a 349693 
100 |a 20180802d1914 k y0rusy50 ca 
101 0 |a rus 
102 |a RU 
105 |a a z 000zy 
200 1 |a Возрождение жизни  |f под ред. М. И. Туган-Барановского 
210 |a Санкт-Петербург  |c Образование  |d 1914 
215 |a 164 с.  |c ил. 
225 1 |a Новые идеи в экономике  |v Сб. 4 
300 |a Текст в русской дореформенной орфографии 
316 |5 63413507: КР-5669  |a На обложке владельческая подпись "Бутаков" 
316 |5 63413507: КР-5669  |a На титульном листе владельческий штамп "Из книг инж. И. Н. Бутакова" 
317 |5 63413507: КР-5669  |a Поступила в НТБ в 1970 г. в составе книжного собрания профессора ТПИ И. Н. Бутакова 
606 1 |a Экономическая мысль  |x История  |y Россия  |2 stltpush  |3 (RuTPU)RU\TPU\subj\67541  |9 83298 
610 1 |a деньги 
610 1 |a теория 
610 1 |a цена 
610 1 |a благосостояние 
610 1 |a мировые рынки 
610 1 |a хлеб 
610 1 |a хлеб 
610 1 |a повышение 
610 1 |a библиотека И. Н. Бутакова 
610 1 |a владельческая надпись 
610 1 |a владельческие знаки 
686 |a У02(2)  |v LBC/SL-A  |2 rubbk 
702 1 |a Туган-Барановский  |b М. И.  |c российский экономист  |c историк  |c один из представителей "легального марксизма"  |f 1865-1919  |g Михаил Иванович  |2 stltpush  |3 (RuTPU)RU\TPU\pers\213  |4 340  |9 108 
801 1 |a RU  |b 63413507  |c 20180802 
801 2 |a RU  |b 63413507  |c 20181228  |g RCR 
942 |c BK